Josep Llinás

Gardado en:
Detalles Bibliográficos
Autor Principal: Sota, Alejandro de la (Author)
Formato: Libro
Idioma:Lingua castelá
Publicado: Madrid Tanais 1997
Series:Tanais Arquitectura
Subjects:
Tags: Engadir etiqueta
Sen Etiquetas, Sexa o primeiro en etiquetar este rexistro!

MARC

LEADER 00000nam a2200000 a 4500
001 UCR7078
003 CL-VaPUC
008 980430e19970000SP |||||||||||||||||spa|d
082 0 4 |a 720.92  |b SOT  |2 21 
100 0 |a Sota, Alejandro de la  |e author  |9 408369 
245 1 0 |a Josep Llinás 
300 |a 176 p 
942 |c BK 
945 |d 19980430 00:00:00  |a rbrito 
260 |a Madrid  |b Tanais  |c 1997 
600 0 |a Llinàs, José,  |d 1945-  |9 408370 
650 0 |a Arquitectos catalanes   |9 408371 
650 0 |a Arquitectos españoles  |9 350193 
650 0 |a Arquitectura catalana  |9 408372 
650 0 |a Arquitectura española  |9 341294 
651 0 |a España  |9 254926 
583 |a last modification  |c 19980430 00:00:00  |k Rodrigo Vera 
490 0 |a Tanais Arquitectura 
999 |c 268928  |d 268926 
952 |0 0  |1 0  |4 0  |6 720_920000000000000_SOT_1997  |7 0  |8 P  |9 302412  |a BIBARQ  |b BIBARQ  |d 2019-11-20  |i 3399346  |o 720.92 SOT 1997  |p 3399346  |r 2025-01-20  |w 2019-11-20  |y BK  |k ARQ